Harry Potter tome 3 - Détails qui ont pu vous échapper - Statistiques

Statistiques générales
  • Ce quiz a été pris 55 fois
  • Le résultat moyen est 7 sur 33
Statistiques - réponses
Questions Réponses % Correct
Que répond Vernon à sa soeur Marge lorsqu'elle demande le métier qu'exerçait James Potter? qu'il était au chômage
78%
Le transport dans le Magicobus coûte 11 mornilles. Que peut-on avoir en plus pour 14 mornilles? un chocolat chaud
39%
La Grosse Dame reprend sa place dans le tableau devant l'entrée de Gryffondor après l'agression de Sirius Black mais est protégée par quoi? une escouade de trolls
39%
Comment s'appellent les billes qui projettent un liquide pestilentiel au visage des adversaires? Les Bavboules
34%
Quelle chambre occupe Harry au Chaudron Baveur? chambre 11
32%
Quand Ron avait 7 ans, qu'a provoqué le suçacide que Fred lui a donné? un trou au milieu de la langue
32%
Dans quel magasin Hermione achète-t-elle Pattenrond? La Ménagerie magique
29%
Quelle justification a été donnée dans le monde des moldus lorsque Sirius Black (en réalité, Peter Pettigrow) a lancé le sort qui a tué 12 moldus? une explosion de gaz
29%
Quel est le premier souvenir heureux auquel Harry pense pour tenter de créer un Patronus? son premier vol en balai
27%
De quoi Pansy Parkinson a-t-elle la tête? d'un pékinois
24%
Hermione a manqué le cours de Flitwick sur quels sortilèges? sortilèges d'allégresse
24%
Ron essaie de construire un château de cartes avec quel jeu de cartes? Bataille explosive
22%
Quel est le titre du livre pour le cours de Divination? Lever le voile du futur
22%
Des ailes de combien d'envergure a Buck? 4 mètres
20%
En quel bois est le manche de l'Eclair de Feu? bois de frêne
20%
Comment s'appelle le tonique pour ratbougris que Ron achète pour Croûtard? Ratconfortant
20%
En quoi apparaît l'épouvantard devant Dean Thomas une main coupée
20%
À quoi pense Harry pour éviter de perdre son calme face à la tante Marge? à son manuel d'entretien de balais
17%
Quel métier exerce Bill Weasley pour le compte de Gringotts, en Egypte? conjureur de sorts
17%
Avant le match de Quidditch de Gryffondor contre Serpentard, les incidents se multiplient entre les élèves. 2 élèves sont envoyés à l'hôpital avec quoi qui sort de leurs oreilles? des poireaux
17%
À combien s'élève ce prix? 700 gallions
15%
Comment s'appelle la ville où le Magicobus dépose Mme Dumarais? Abergavenny
15%
À quoi ressemble le minuscule hibou que Sirius envoie dans le Poudlard Express et qui deviendra le hibou de Ron? à un vif d'or en peluche
12%
Sur quelle rue se situe le Chaudron Baveur? Charing Cross Road
12%
De quoi Ron dit-il savoir se servir lorsqu'il dit à Harry qu'il l'invitera pendant les vacances pour la Coupe du Monde de Quidditch? du fêlétone
12%
Qu'avait offert la tante Marge à Harry pour un de ses anniversaires? une boîte de biscuits pour chiens
12%
Que boit le professeur McGonagall aux Trois Balais? un jus d'oeillet
12%
À quelle date a lieu l'audience de la Commission d’Examen des Créatures dangereuses pour Buck? le 20 avril
10%
En quoi consiste la retenue de Ron Weasley à l'infirmerie? nettoyer les bassins
10%
De quel département du Ministère de la Magie Cornelius Fudge était-il directeur avant de devenir Ministre de la magie? Département des Catastrophes magiques
7%
Quels bonbons de chez Honeydukes font souffler de la fumée? Les Gnomes au poivre
5%
De quoi les Weasley ont-ils gagné le grand prix? de la loterie du Gallion
2%
Les représentants de quel département du Ministère de la Magie s'occupent de dégonfler la tante Marge? Département de Réparation des Accidents de Sorcellerie
2%
Aucun quiz correspondant
Distribution des résultats
% des personnes avec chaque résultat
Percentile par nombre de réponses
Votre historique - résultats
Vous n’avez pas pris ce quiz